Los años de la patria joven: La política chilena entre 1938-1970
Αποθηκεύτηκε σε:
| Κύριος συγγραφέας: | |
|---|---|
| Μορφή: | Βιβλίο |
| Γλώσσα: | Ισπανικά |
| Έκδοση: |
Santiago
Ediciones ChileAmérica CESOC
1996
|
| Έκδοση: | 1a. ed |
| Θέματα: | |
| Ετικέτες: |
Προσθήκη ετικέτας
Δεν υπάρχουν, Καταχωρήστε ετικέτα πρώτοι!
|
MARC
| LEADER | 00000cam a2200000 a 4500 | ||
|---|---|---|---|
| 001 | UCE7405 | ||
| 003 | CL-VaPUC | ||
| 008 | 150605e19960000cl |||||||||||||||||spa|d | ||
| 020 | |a 9562110591 | ||
| 082 | 0 | 4 | |a 320.9 |b SEP |2 21 |
| 100 | 0 | |a Sepúlveda Almarza, Alberto |e author |9 580079 | |
| 245 | 1 | 4 | |a Los años de la patria joven: La política chilena entre 1938-1970 |
| 250 | |a 1a. ed | ||
| 300 | |a 131 p | ||
| 942 | |c BK | ||
| 945 | |d 20150605 14:50:00 |a gsalatino | ||
| 260 | |a Santiago |b Ediciones ChileAmérica CESOC |c 1996 | ||
| 650 | 0 | |a Política y gobierno |9 255151 | |
| 650 | 0 | |a Partido Demócrata Cristiano |9 255585 | |
| 651 | 7 | |a CHILE |2 CL-VaPUC |9 580080 | |
| 583 | |a last modification |c 20150605 14:50:00 |k Rodrigo Vera | ||
| 999 | |c 359500 |d 359498 | ||
| 952 | |0 0 |1 0 |3 erb |4 0 |6 320_900000000000000_SEP_1996 |7 0 |8 A |9 468703 |a BIBHIS |b BIBHIS |i 5161975 |o 320.9 SEP 1996 |p 5161975 |r 2025-01-20 |w 2019-11-23 |y BK |z Catalogado en:20150605 |k HIS | ||